| 000 | 00892cab a2200277 4500 | ||
|---|---|---|---|
| 001 | ABS54536 | ||
| 008 | 090401t1996 xxu||||| |||| 00| 0 eng d | ||
| 035 | _a(Sirsi) u11016 | ||
| 041 | _aeng | ||
| 100 | _aMoore, L. | ||
| 245 | _aIt pays to dig up all the dirt on contaminated land | ||
| 260 | _c1996 | ||
| 350 | _a0 | ||
| 490 |
_aProperty Week _v54(9) 29 February 1996, 37(1) |
||
| 520 | _aSets out the levels of investigation that may be required to ascertain what contamination liabilities may be inherited when purchasing land or property. | ||
| 650 | _aCAVEAT EMPTOR | ||
| 650 | _aCONTAMINATED LAND | ||
| 650 | _aENVIRONMENT ACT 1995 | ||
| 650 | _aENVIRONMENTAL INFORMATION REGULATIONS 1992 | ||
| 650 | _aLIABILITY | ||
| 650 | _aRISK ASSESSMENT | ||
| 650 | _aVENDOR AND PURCHASER | ||
| 690 | _aENVIRONMENTAL AND LAND CONSULTANCY | ||
| 942 | _n0 | ||
| 948 | _c04/03/1997 | ||
| 999 |
_c7022 _d7022 |
||